000 00740nam a2200193 a 4500
003 0
005 20250514112411.0
008 970101s19uu xx 00 eng d
050 _aPHS GN 502
_b.F55 2004
100 _aFikowski, Amanda Lynn P.
245 _aA Comparison of parenting styles among Filipino, foreign and mixed parentage /
_cAmanda Lynn P. Fikowski.
260 _aLas PiƱas City, Philippines :
_bSouthville International School and Colleges,
_c2004.
300 _a44 pages :
_billustrations ;
_c28 cm.
504 _aIncludes bibliographical references.
650 _aParenting
_xCross-cultural studies.
650 _aInterethnic families
_zPhilippines.
650 _aChild rearing
_xCross-cultural studies.
942 _2lcc
_cPASS
999 _c97115
_d97115